00525nam a2200145Ia 4500008004100000020001800041050001900059100002600078245007900104260003600183300002600219440002100245650007400266700003900340120721s9999 xx 000 0 und d a84-415-1636-7 aT385 Y436 2004 aYebes López, Elvira aGuía visual power point 2003 / Elvira Yebes López, Carlos Romero Aires aMadrid : España : Anaya, 2004 a335 p. : il. ; 20 cm. aGuías visuales a1. Power point - Presentación 2. Plantillas - Patrones 3. Programas aI. Romero Aires, Carlos, coaut.Ì